عرض عادي عرض مارك
  • Dictionaries.

مدخل تقسيم شكلي

عدد التسجيلات المستخدمة في: 2

001 - رقم الضبط

  • حقل الضبط: 57113

003 - معرف رقم الضبط

  • حقل الضبط: OSt

005 - تاريخ ووقت أخر عملية

  • حقل الضبط: 20161205101401.0

008 - عناصر بيانات ثابتة الطول

  • حقل تحكم ثابت الطول: 161205|| aca||aabn | a|a d

040 ## - مصدر الفهرسة

  • هيئة الفهرسة الأصلية: OSt
  • وكالة الكتابة: OSt

155 ## - الراس-نوع ادبي/مصطلح شكلي

  • النوع الادبي/المصطلح الشكلي: Dictionaries.

670 ## - بيانات المصدر موجوده

  • الاستشهاد بالمصدر: Work cat.: (OSt)0: Chalker, Sylvia, author. 57110, The Oxford dictionary of English grammar /